000 01119 a2200361 4500
005 20250910105328.0
008 250910b |||||||| |||| 00| 0 eng d
022 _a15608530
022 _a18149596
041 _aEn
044 _aCIV
090 _bDG/A/1656
100 _aKOUAME, Kouassi Thiegba
100 _aDIBI, Konan Evrard Brice
100 _aESSIS, Brice Sidoine
100 _aHALA, Kinampinan Adelphe
100 _aEHOUNOU, Adou Emmanuel
110 _aCentre National de Recherche Agronomique
110 _bCote d'Ivoire
245 _aEffects of azolla caroliniana based biofertilizers filtrate and compost on tomato (Solanum Lycopersicum) growth and production in cote d'Ivoire
260 _aINTERNATIONAL JOURNAL OF AGRICULTURE & BIOLOGY
260 _bCNRA
260 _cJuin 2024
302 _a p. 271-276
388 _a2025-09-10
650 _2AGROVOC
_gTomate
650 _gBiofertilisant
650 _gAzolla caroliniana
650 _gCompost
650 _gCroissance
650 _gProduction
856 _uhttps://ftech.byethost7.com/wp-content/uploads/2025/09/DGA1656.pdf
999 _c5978
_d5978